|
|
|
|
| LEADER |
00000nam a2200000 a 4500 |
| 001 |
vtls001091224 |
| 003 |
SK-MaSNL |
| 005 |
20260302052004.0 |
| 008 |
250414s1982 xo 0 000 slo |
| 015 |
|
|
|a SNBA1983/05
|
| 020 |
|
|
|q (brož.)
|
| 035 |
|
|
|a SNK000034066
|
| 040 |
|
|
|a SNK
|b slo
|c SNK
|e AACR2
|
| 041 |
|
|
|a slo
|
| 044 |
|
|
|a xo
|c SK
|
| 080 |
|
|
|a 371(73)(041)
|2 2001
|
| 245 |
0 |
0 |
|a Školstvo v USA
|
| 250 |
|
|
|a 1. vyd.
|
| 260 |
|
|
|a Bratislava
|b Slovenská pedagogická knižnica a Ústav školských informácií
|c 1982
|e Bratislava
|f SPK a ÚŠI
|
| 300 |
|
|
|a 21 s.
|c 20 cm
|
| 366 |
|
|
|e 150 výtl.
|
| 500 |
|
|
|a Pozmn.
|
| 650 |
0 |
7 |
|a školstvo
|2 SNKPH
|9 19712
|
| 651 |
|
7 |
|a Spojené štáty americké
|2 SNKPH
|9 18262
|
| 852 |
|
|
|a Slovenská národná knižnica
|
| 954 |
|
|
|a školstvo
|a USA
|
| 958 |
|
|
|a OND
|
| 958 |
|
|
|a BQ
|
| 958 |
|
|
|a SP
|
| 958 |
|
|
|a RM
|
| 999 |
|
|
|c 1103321
|d 1105251
|
| 952 |
|
|
|t P60, <04>, [BOOK], {604}
|a SNK
|b SNK
|y VYP
|7 0
|p 17A0067098
|o snkSD 53267 D1
|0 0
|1 0
|4 0
|d 1997-05-13
|l 0
|r 2004-12-31 00:00:00
|w 2026-02-24
|